El instituto social : De la Universidad Nacional del Litoral /

Guardado en:
Autor Principal: Araya, Rafael.
Formato: Libro
Idioma:Undetermined
Publicado: Rosario : [s.n.], 1930.
Materias:
Etiquetas: Agregar Etiqueta
Sin Etiquetas, Sea el primero en etiquetar este registro!
LEADER 00526nam a22001575a 4500
001 EHU.bham046513
005 20110512151737.0
008 110512s1930####xx############000#0#und#d
100 1 |a Araya, Rafael. 
245 0 0 |a El instituto social :  |b De la Universidad Nacional del Litoral /  |c Rafael Araya. 
260 |a Rosario :  |b [s.n.],  |c 1930. 
300 |a 269 p. 
653 |a Sistema universitario 
653 |a Universidad popular 
653 |a Enseñanza universitaria 
859 |a AR-BHAM  |b BIB. HUMANIDADES - Donacion Lejarraga  |h MFN000732  |p 000732.19